000 00461nam a2200181 a 4500
001 28912
005 20180713231855.0
008 140415s1985 sp 000 0 spa d
020 _a842394400X
041 _aspa
082 _a900.22
_bARO
100 1 _aMANN ALFRED HEUSS, GOLO
245 1 3 _aEL MUNDO DE HOY
250 _a1a ed.
260 _aESPAÑA :
_bESPASA CALPE,
_c1985
300 _a785
_c12 x 2 x 16
650 1 4 _aHISTORIA UNIVERSAL
999 _c28912
_d28912